La subcontratación y el suministro en el Derecho Civil
Spremljeno u:
| Glavni autor: | |
|---|---|
| Format: | Knjiga |
| Jezik: | španjolski |
| Izdano: |
Santiago
Legal Publishing
2009
|
| Izdanje: | 1a. ed |
| Teme: | |
| Oznake: |
Dodaj oznaku
Bez oznaka, Budi prvi tko označuje ovaj zapis!
|
MARC
| LEADER | 00000nam a2200000 a 4500 | ||
|---|---|---|---|
| 001 | UCH4631 | ||
| 003 | CL-VaPUC | ||
| 008 | 090827e20090400CL |||||||||||||||||spa|d | ||
| 020 | |a 9789562388177 | ||
| 082 | 0 | 4 | |a 344.83018 |b PRA |2 21 |
| 100 | 0 | |a Prado López, Pamela |e author |9 540275 | |
| 245 | 1 | 3 | |a La subcontratación y el suministro en el Derecho Civil |
| 250 | |a 1a. ed | ||
| 300 | |a 117 p | ||
| 942 | |c BK | ||
| 945 | |d 20090827 00:00:00 |a dcastane | ||
| 260 | |a Santiago |b Legal Publishing |c 2009 | ||
| 650 | 7 | |a DERECHO LABORAL |2 CL-VaPUC |9 15 | |
| 650 | 0 | |a Contratos de trabajo |9 254966 | |
| 650 | 7 | |a TRABAJO Y TRABAJADORES |2 CL-VaPUC |9 255560 | |
| 650 | 7 | |a SUBCONTRATACION |2 CL-VaPUC |9 502631 | |
| 583 | |a last modification |c 20170803 10:39:20 |k Rodrigo Vera | ||
| 999 | |c 335905 |d 335903 | ||
| 952 | |0 0 |1 0 |4 0 |6 344_830180000000000_PRA_2009 |7 0 |8 A |9 426744 |a BIBDER |b BIBDER |d 2019-11-22 |i 4593421 |l 1 |o 344.83018 PRA 2009 |p 4593421 |r 2023-01-25 |s 2022-10-06 |w 2019-11-22 |y BK |k DER | ||
| 952 | |0 0 |1 0 |4 0 |6 344_830180000000000_PRA_2009 |7 0 |8 A |9 426745 |a BIBDER |b BIBDER |d 2019-11-22 |i 459343K |o 344.83018 PRA 2009 |p 459343K |r 2023-01-25 |w 2019-11-22 |y BK |k DER | ||